Little pilgrim's progress : From John Bunyan's Classics / (Record no. 4707)
[ view plain ]
| 000 -LEADER | |
|---|---|
| fixed length control field | 00743cam a2200241Ii 4500 |
| 001 - CONTROL NUMBER | |
| control field | 6681361 |
| 003 - CONTROL NUMBER IDENTIFIER | |
| control field | OCoLC |
| 005 - DATE AND TIME OF LATEST TRANSACTION | |
| control field | 20181212145055.0 |
| 008 - FIXED-LENGTH DATA ELEMENTS--GENERAL INFORMATION | |
| fixed length control field | 800904s1980 ilua j 000 1 eng d |
| 020 ## - INTERNATIONAL STANDARD BOOK NUMBER | |
| International Standard Book Number | 0802400035 |
| 020 ## - INTERNATIONAL STANDARD BOOK NUMBER | |
| International Standard Book Number | 0802449247 |
| 020 ## - INTERNATIONAL STANDARD BOOK NUMBER | |
| International Standard Book Number | 9780802400031 |
| 035 ## - SYSTEM CONTROL NUMBER | |
| System control number | (OCoLC)6681361 |
| 040 ## - CATALOGING SOURCE | |
| Original cataloging agency | IFK |
| Transcribing agency | IFK |
| Modifying agency | YDXCP |
| -- | CQU |
| -- | PBE |
| -- | CIRBC |
| 050 14 - LIBRARY OF CONGRESS CALL NUMBER | |
| Classification number | PR3330.A25 |
| Item number | W7 1980 |
| 082 ## - DEWEY DECIMAL CLASSIFICATION NUMBER | |
| Classification number | 823.3 |
| Item number | T238P |
| 100 1# - MAIN ENTRY--PERSONAL NAME | |
| Personal name | Taylor, Helen L. |
| 245 10 - TITLE STATEMENT | |
| Title | Little pilgrim's progress : From John Bunyan's Classics / |
| Statement of responsibility, etc. | by Helen L. Taylor ; illustrated by W. Lindsay Cable. |
| 260 ## - PUBLICATION, DISTRIBUTION, ETC. | |
| Place of publication, distribution, etc. | Chicago : |
| Name of publisher, distributor, etc. | Moody Press, |
| Date of publication, distribution, etc. | [198-?] |
| 300 ## - PHYSICAL DESCRIPTION | |
| Extent | 323 p. : |
| Other physical details | ill. ; |
| Dimensions | 17 cm. |
| 650 #0 - SUBJECT ADDED ENTRY--TOPICAL TERM | |
| Topical term or geographic name entry element | Christian life |
| General subdivision | Allegories |
| Form subdivision | Juvenile literature. |
| 942 ## - ADDED ENTRY ELEMENTS (KOHA) | |
| Source of classification or shelving scheme | Dewey Decimal Classification |
| Koha item type | Books |
| Withdrawn status | Lost status | Source of classification or shelving scheme | Damaged status | Not for loan | Collection code | Home library | Current library | Shelving location | Date acquired | Cost, normal purchase price | Total Checkouts | Full call number | Barcode | Date last seen | Price effective from | Koha item type |
|---|---|---|---|---|---|---|---|---|---|---|---|---|---|---|---|---|
| Dewey Decimal Classification | Non-fiction | Harvest Mission College | Harvest Mission College | General Stacks | 12.12.2018 | 460.00 | 823.3 T238P | 005390 | 30.07.2019 | 12.12.2018 | Books |
